L'enseignement en Hongrie.
Uložené v:
| Médium: | Kniha |
|---|---|
| Jazyk: | French |
| Vydané: |
Budapest :
Victor Hornyánszky,
1900.
|
| Vydanie: | 1. vyd. |
| ISBN: |
(viaz.) |
| Fyzický popis: |
xiv, 546 s. |
| Tagy: |
Pridať tag
Žiadne tagy, Buďte prvý kto otaguje tento záznam!
|
Titul je dostupný aj v ... 

MARC
| LEADER | 00000nam a22000001i 4500 | ||
|---|---|---|---|
| 001 | 000589051 | ||
| 005 | 20180721192400.0 | ||
| 008 | 130901 1900 hu e fre d | ||
| 020 | |a (viaz.) | ||
| 040 | |a SVKKK |b slo |c SVKKK |e AACR2 | ||
| 041 | 0 | |a fre | |
| 044 | |a hu |c HU | ||
| 245 | 0 | 2 | |a L'enseignement en Hongrie. |
| 250 | |a 1. vyd. | ||
| 260 | |a Budapest : |b Victor Hornyánszky, |c 1900. | ||
| 300 | |a xiv, 546 s. | ||
| 500 | |a Nad názvom: Ministère roy. hongr. des cultes et de l'instruction publique | ||
| 910 | |a svkkk | ||
| 998 | |a BK | ||
| 090 | |g SCKHL |k Sklad Pribinova 2. posch. |a III.77458 |j 154127 |i 2720695165 |s Prezenčne | ||